JR北海道みどりの窓口のある駅 - Statistics

General Stats
  • This quiz has been taken 653 times
  • The average score is 67 of 96
Answer Stats
地区 駅名 営業時間 % Correct
函館地区 函館  6:30 19:00
98%
旭川地区 旭川  7:00 19:00
97%
釧路地区 釧路  6:00 19:00
96%
函館地区 森  5:00 19:40
95%
室蘭・苫小牧地区 室蘭 7:20 17:30
95%
室蘭・苫小牧地区 苫小牧  6:30 19:30
94%
札幌地区 小樽  7:00 20:00
94%
札幌地区 札幌  5:40 23:55
93%
函館地区 新函館北斗  6:00 22:00
93%
旭川地区 稚内 6:10 17:45
93%
釧路地区 根室 5:20 17:00
92%
函館地区 長万部 7:00 18:15
92%
札幌地区 滝川  6:45 19:00
90%
室蘭・苫小牧地区 東室蘭  7:00 19:00
90%
札幌地区 千歳  7:00 20:00
90%
釧路地区 帯広  7:00 19:30
90%
旭川地区 網走  5:20 22:35
89%
旭川地区 北見  6:10 22:20
89%
札幌地区 新千歳空港  6:30 22:00
89%
旭川地区 深川 5:30 0:10
88%
札幌地区 岩見沢  6:30 19:00
88%
旭川地区 名寄 7:40 17:05
88%
札幌地区 北広島  7:00 19:00
87%
函館地区 五稜郭  5:50 22:00
86%
札幌地区 南千歳  7:00 18:00
86%
札幌地区 新札幌  7:00 20:00
86%
札幌地区 富良野  7:00 18:00
83%
札幌地区 砂川  7:20 16:00
83%
札幌地区 恵庭 5:35 23:30
82%
函館地区 八雲  7:00 19:30
82%
釧路地区 新得  5:20 21:30
81%
札幌地区 手稲  6:30 20:00
81%
室蘭・苫小牧地区 登別  7:00 16:15
80%
札幌地区 江別  7:00 18:00
80%
札幌地区 白石  7:00 18:00
79%
旭川地区 音威子府 8:15 16:10
79%
札幌地区 倶知安 8:40 18:30
79%
札幌地区 美唄  6:30 18:00
78%
室蘭・苫小牧地区 白老 7:00 18:30
75%
札幌地区 桑園  7:00 20:00
75%
函館地区 大沼公園 8:30 18:10
75%
札幌地区 小樽築港 5:30 23:00
74%
函館地区 木古内  6:30 17:00
74%
室蘭・苫小牧地区 伊達紋別  7:00 16:00
74%
旭川地区 上川 7:15 16:35
74%
室蘭・苫小牧地区 新夕張 7:25 15:30
74%
札幌地区 余市 8:00 17:20
74%
室蘭・苫小牧地区 洞爺  7:00 16:00
73%
旭川地区 士別 6:00 16:30
72%
釧路地区 厚岸 6:20 15:10
72%
釧路地区 池田  7:00 16:30
72%
旭川地区 遠軽  7:15 19:30
72%
札幌地区 苗穂  7:00 18:00
71%
旭川地区 南稚内 6:10 14:00
70%
札幌地区 南小樽 5:30 23:10
69%
釧路地区 知床斜里 6:30 17:50
66%
室蘭・苫小牧地区 追分 7:45 18:30
66%
札幌地区 琴似 5:30 22:45
65%
釧路地区 白糠 6:35 15:40
65%
函館地区 七飯 6:50 16:15
65%
札幌地区 当別  7:00 16:00
65%
札幌地区 銭函  7:00 17:00
63%
旭川地区 美瑛 6:30 18:30
62%
釧路地区 十勝清水 6:55 17:05
61%
札幌地区 発寒 5:30 23:40
60%
釧路地区 芽室 6:40 16:35
60%
旭川地区 幌延 7:10 15:00
59%
札幌地区 新琴似  7:00 20:00
58%
札幌地区 大麻  7:00 18:00
57%
札幌地区 野幌  7:00 18:00
57%
札幌地区 発寒中央 5:30 23:40
56%
札幌地区 あいの里教育大  7:00 20:00
56%
札幌地区 厚別  7:00 17:00
56%
札幌地区 平和 7:15 17:00
56%
札幌地区 森林公園 5:30 23:00
54%
札幌地区 上野幌 7:15 17:20
54%
釧路地区 摩周 6:15 15:10
51%
札幌地区 星置  7:00 18:00
50%
釧路地区 標茶 6:40 15:20
49%
旭川地区 永山 7:00 18:50
49%
函館地区 奥津軽いまべつ  7:00 17:10
47%
室蘭・苫小牧地区 幌別 7:10 17:00
47%
札幌地区 恵み野 5:35 23:30
46%
釧路地区 浦幌 7:00 16:00
45%
札幌地区 稲積公園 5:25 23:40
44%
札幌地区 島松  7:00 17:00
42%
函館地区 桔梗 7:10 16:30
41%
札幌地区 八軒  7:15 18:00
40%
釧路地区 幕別 6:50 16:55
39%
札幌地区 高砂 7:15 17:00
39%
札幌地区 新川  7:15 18:00
38%
札幌地区 幌向 5:40 23:30
36%
札幌地区 篠路  7:00 20:00
36%
旭川地区 上富良野 7:20 15:00
36%
札幌地区 拓北  7:00 20:00
34%
釧路地区 札内 7:00 16:50
24%
No matching quizzes found
Score Distribution
Percent of People with Each Score
Percentile by Number Answered
Your Score History
You have not taken this quiz